[Event "Challenge"]
[Site "http://www.queenalice.com/game.php?id=1622428"]
[Date "2020.8.1"]
[Round "-"]
[White "cavaliernoir"]
[Black "NOVAG91"]
[Result "0-1"]
[WhiteElo "1530"]
[BlackElo "1642"]

1. e4 e5 2. Nf3 Nc6 3. d3 Bc5 4. Bd2 d5 5. Nc3 d4 6. Nd5 Nf6 7. c4 O-O 8. Be2
Re8 9. O-O a6 10. a3 Ng4 11. b3 Qd6 12. b4 Ba7 13. c5 Qg6 14. Nh4 Qe6 15. Nxc7
Qe7 16. Nxa8 Qxh4 17. Nc7 Qxh2# 0-1

[Event "Challenge"]
[Site "http://www.queenalice.com/game.php?id=1622429"]
[Date "2020.8.1"]
[Round "-"]
[White "NOVAG91"]
[Black "cavaliernoir"]
[Result "1-0"]
[WhiteElo "1654"]
[BlackElo "1503"]

1. e4 e5 2. Nf3 Nf6 3. Nc3 d6 4. Bc4 Be7 5. Ng5 Nxe4 6. Bxf7+ Kf8 7. Ncxe4 Bxg5
8. Qf3 Qe7 9. Be6+ Ke8 10. Bxc8 b6 11. Bb7 d5 12. Bxa8 c6 13. Nxg5 Qxg5 14. Qh3
Kf7 15. d3 a5 16. Bxg5 Re8 17. Qh5+ Kf8 18. O-O g6 19. Qxh7 e4 20. Bh6# 1-0

[Event "Challenge"]
[Site "http://www.queenalice.com/game.php?id=1628903"]
[Date "2020.10.3"]
[Round "-"]
[White "cavaliernoir"]
[Black "NOVAG91"]
[Result "1-0"]
[WhiteElo "1533"]
[BlackElo "1660"]

1. e4 c6 2. d4 d5 3. Bd3 b5 4. b4 e6 5. Nf3 Be7 6. Bf4 Bxb4+ 7. Nbd2 Nf6 8. e5
Nh5 9. Be3 g6 10. Bg5 Qa5 11. O-O Nd7 12. Nb3 Qb6 13. Rb1 a5 14. Qe2 a4 15. Nc1
Ba6 16. Rxb4 Rb8 17. Rb1 Qa7 18. Qe3 c5 19. c3 c4 20. Be2 Ng7 21. Qd2 a3 22. Bh6
Nf5 23. Bg5 h6 24. Be3 Ke7 25. Ne1 f6 26. exf6+ Nxf6 27. Bf4 Rbg8 28. Nf3 g5 29.
Ne5 gxf4 30. Nc6+ Kd6 31. Nxa7 Nh4 32. Qxf4+ Ke7 33. Qxh4 Rh7 34. Nc6+ Kf7 35.
Ne5+ Ke7 36. Nc6+ Kf7 37. Nb4 Bc8 38. Bh5+ Nxh5 39. Qxh5+ Rg6 40. Qf3+ Ke7 41.
Nc2 Bd7 42. Nxa3 Rhg7 43. g3 Rh7 44. Nxb5 h5 45. Ne2 Be8 46. Nf4 Rf6 47. a4 h4
48. Qg4 Rf5 49. gxh4 1-0

[Event "Challenge"]
[Site "http://www.queenalice.com/game.php?id=1630968"]
[Date "2020.10.26"]
[Round "-"]
[White "NOVAG91"]
[Black "cavaliernoir"]
[Result "1-0"]
[WhiteElo "1639"]
[BlackElo "1539"]

1. e4 e5 2. Nf3 Nf6 3. Nc3 d6 4. Be2 c6 5. d3 Be7 6. d4 exd4 7. Nxd4 c5 8. Nf5
Bxf5 9. exf5 Qd7 10. Bd3 d5 11. Bb5 Nc6 12. Bd3 O-O 13. O-O d4 14. Ne2 a5 15.
Ng3 b6 16. Bf4 Nd5 17. Nh5 Ncb4 18. Qg4 Bf6 19. Bh6 g6 20. Nxf6+ Nxf6 21. Qg3
Rfe8 22. fxg6 Kh8 23. Qf4 Qe7 24. g7+ Kg8 25. Qf5 Rac8 26. Rae1 Qd6 27. Re2 Nxa2
28. Bg5 Nh5 29. Qxh7# 1-0

[Event "Challenge"]
[Site "http://www.queenalice.com/game.php?id=1630969"]
[Date "2020.10.26"]
[Round "-"]
[White "cavaliernoir"]
[Black "NOVAG91"]
[Result "1-0"]
[WhiteElo "1527"]
[BlackElo "1651"]

1. e4 c6 2. d4 d5 3. Bd3 Be6 4. f3 Nf6 5. Ne2 dxe4 6. fxe4 Na6 7. c3 Bg4 8. e5
Nd5 9. O-O e6 10. Bxa6 bxa6 11. Qd2 Be7 12. Nf4 Bg5 13. Na3 O-O 14. Qd3 Ne7 15.
Qxa6 Qb6 16. Qxb6 axb6 17. Nc4 Nd5 18. Nxd5 Bxc1 19. Rfxc1 cxd5 20. Nxb6 Ra7 21.
b3 f6 22. exf6 Rxf6 23. b4 Rg6 24. a4 Bh3 25. Rc2 Rf7 26. a5 Bf5 27. Rca2 h5 28.
a6 Ra7 29. Nc8 Rc7 30. Nd6 Ra7 31. b5 e5 32. Nxf5 1-0

[Event "Challenge"]
[Site "http://www.queenalice.com/game.php?id=1632233"]
[Date "2020.11.8"]
[Round "-"]
[White "cavaliernoir"]
[Black "NOVAG91"]
[Result "1-0"]
[WhiteElo "1559"]
[BlackElo "1608"]

1. e4 c6 2. d4 d5 3. Nc3 e6 4. Nf3 Nf6 5. Qd3 Qa5 6. e5 Ne4 7. Bd2 Qc7 8. Nxe4
dxe4 9. Qxe4 Be7 10. Be2 O-O 11. O-O Rd8 12. a4 Nd7 13. c3 Nb6 14. b4 Nc4 15.
Bxc4 b6 16. a5 b5 17. Bb3 a6 18. Bg5 g6 19. Bxe7 Qxe7 20. Qxc6 Bd7 21. Qc5 Qxc5
22. bxc5 Bc6 23. Bd1 h6 24. Nd2 Kg7 25. Bf3 Rac8 26. Bxc6 Rxc6 27. f4 h5 28. Nf3
Rh8 29. Rac1 Rb8 30. c4 b4 31. Rb1 Rc7 32. Ne1 b3 33. Nd3 Rcb7 34. d5 Rd7 35. c6
Rc7 36. Rb2 Ra7 37. Nc1 Rb4 38. c5 Rc7 39. d6 Rxc6 40. d7 Rd4 41. Nxb3 Rxd7 42.
Rbb1 Rd3 43. g3 f6 44. Kg2 f5 45. Kf2 Rc7 46. Ke2 Rd5 47. Ke3 Rcd7 48. Kf2 Kh6
49. c6 Rc7 50. Rbc1 Rb5 51. Rc3 Kg7 52. Rd1 Rd5 53. Rxd5 exd5 54. Nd4 Kf7 55.
e6+ Ke7 56. Kg2 Kf6 57. Rb3 g5 58. Rb6 h4 59. h3 gxf4 60. gxf4 Rg7+ 61. Kh2 Ke7
62. Rxa6 Kd6 63. Rb6 Ra7 64. a6 Ke7 65. Rb7+ 1-0

[Event "Challenge"]
[Site "http://www.queenalice.com/game.php?id=1632234"]
[Date "2020.11.8"]
[Round "-"]
[White "NOVAG91"]
[Black "cavaliernoir"]
[Result "0-1"]
[WhiteElo "1628"]
[BlackElo "1531"]

1. e4 e5 2. Nf3 Nf6 3. Bc4 Bd6 4. Ng5 Qe7 5. Nxf7 Rf8 6. d3 Rxf7 7. Bxf7+ Qxf7
8. Nc3 Bc5 9. O-O d5 10. Qd2 Be6 11. a3 Nbd7 12. b4 Be7 13. Nb5 Kd8 14. Qc3 c6
15. exd5 Nxd5 16. Qc4 cxb5 17. Qxb5 Kc7 18. Bb2 Nf4 19. Bxe5+ Nxe5 20. Qxe5+ Bd6
21. Qc3+ Kd7 22. Rfe1 h5 23. Re3 Nd5 24. Qd4 Nxe3 25. Qxe3 Qf6 26. d4 Rc8 27.
Qd3 Kc7 28. c4 Kb8 29. c5 Bc7 30. c6 bxc6 31. b5 c5 32. d5 Qxa1+ 33. Qf1 Qxf1+
34. Kxf1 Bxd5 0-1

[Event "Challenge"]
[Site "http://www.queenalice.com/game.php?id=1633774"]
[Date "2020.11.22"]
[Round "-"]
[White "NOVAG91"]
[Black "cavaliernoir"]
[Result "0-1"]
[WhiteElo "1605"]
[BlackElo "1520"]

1. e4 e5 2. Nf3 Nf6 3. d3 d6 4. Be3 c5 5. Be2 b6 6. Nc3 d5 7. Nxe5 d4 8. Nd5
dxe3 9. Nxe3 Qd4 10. N5c4 Qd8 11. O-O b5 12. Ne5 Bd6 13. Nf3 Bf4 14. e5 Nd5 15.
c4 bxc4 16. dxc4 Nxe3 17. fxe3 Bxe3+ 18. Kh1 O-O 19. Qc2 Nc6 20. h4 Nb4 21. Qe4
Rb8 22. Rfd1 Qb6 23. a3 Na6 24. Qxe3 Qxb2 25. Ng5 h6 26. Rdb1 Qc2 27. Bd3 Qa4
28. Qe4 Rxb1+ 29. Rxb1 g6 30. Nf3 Qxa3 31. h5 Bf5 32. Qf4 Qxd3 33. Rg1 Kg7 34.
Nh4 Nc7 35. Nxf5+ gxf5 36. g4 Qh3+ 37. Qh2 Qxh2+ 38. Kxh2 fxg4 39. Rxg4+ Kh7 40.
Rf4 a5 41. Rf2 a4 42. Ra2 Ra8 43. Kg3 Ne8 44. Kf4 a3 45. Ke4 f6 46. Kf5 fxe5 47.
Kxe5 Ng7 48. Kd6 Ra5 49. Kc6 Ne6 50. Kb6 Ra4 51. Kc6 Kg7 52. Kd5 Kf6 53. Rf2+
Ke7 54. Ra2 Ra5 55. Ke5 Kd7 56. Kf6 Ra6 57. Kg6 Nf4+ 58. Kf5 Nxh5 59. Ke4 Kd6
60. Ke3 Nf6 61. Kd3 h5 62. Kc2 Ke5 0-1

[Event "Challenge"]
[Site "http://www.queenalice.com/game.php?id=1634997"]
[Date "2020.12.1"]
[Round "-"]
[White "NOVAG91"]
[Black "cavaliernoir"]
[Result "1-0"]
[WhiteElo "1590"]
[BlackElo "1567"]

1. e4 e5 2. Nf3 Nf6 3. Nc3 d6 4. d4 exd4 5. Nxd4 c5 6. Nf5 g6 7. Ne3 Be6 8. Bd3
Be7 9. O-O O-O 10. Ncd5 Nc6 11. c3 a6 12. b3 b5 13. b4 cxb4 14. Nxb4 Nxb4 15.
cxb4 d5 16. e5 Nd7 17. Bb2 Bxb4 18. a3 Bc5 19. Bc1 Nxe5 20. Nc2 Nxd3 21. Qxd3
Bf5 22. Qb3 Bxc2 23. Qxc2 Bd4 24. Bb2 Bb6 25. Qc3 f6 26. Rae1 f5 27. Qh8+ Kf7
28. Qxh7# 1-0

[Event "Challenge"]
[Site "http://www.queenalice.com/game.php?id=1636151"]
[Date "2020.12.12"]
[Round "-"]
[White "cavaliernoir"]
[Black "NOVAG91"]
[Result "0-1"]
[WhiteElo "1582"]
[BlackElo "1597"]

1. e4 e5 2. Nf3 Nc6 3. d3 f6 4. Be2 d5 5. c3 d4 6. O-O Be6 7. a3 Nge7 8. Nh4 h6
9. Bh5+ g6 10. Bxg6+ Nxg6 11. Nxg6 Rg8 12. Nxf8 Rxf8 13. Bxh6 Rg8 14. g3 Bf7 15.
Qf3 Rg6 16. Bd2 Ke7 17. c4 Qh8 18. h4 Rag8 19. Kh2 Be6 20. Rg1 Bg4 21. Qh1 Qh5
22. Qg2 Nd8 23. Bb4+ Kd7 24. Bc5 Bf3 25. Qh3+ Ke8 26. Bxa7 Ne6 27. Qxe6+ Kf8 28.
Nd2 Be2 29. Bc5+ Kg7 30. Qe7+ Kh8 31. Qxc7 R6g7 32. Qd6 Qg6 33. Qb6 Qh6 34. Qe6
Rg6 35. Qf7 Qxd2 36. h5 Bxh5 37. Kh3 Qxd3 38. Rae1 Qf3 39. Ref1 Bg4+ 0-1

[Event "Challenge"]
[Site "http://www.queenalice.com/game.php?id=1636152"]
[Date "2020.12.12"]
[Round "-"]
[White "NOVAG91"]
[Black "cavaliernoir"]
[Result "1-0"]
[WhiteElo "1584"]
[BlackElo "1515"]

1. e4 e5 2. Nf3 Nf6 3. Nc3 Nc6 4. d4 d6 5. d5 Na5 6. Be2 a6 7. O-O c6 8. b4 Be7
9. bxa5 Qxa5 10. Bd2 c5 11. Nb1 Qc7 12. Nc3 b5 13. Qe1 Qd7 14. Be3 b4 15. Nd1
Qa4 16. Bd3 Ng4 17. Bd2 a5 18. Nb2 Qd7 19. Qe2 O-O 20. Ng5 Nh6 21. Nc4 Qb7 22.
Qh5 Ng4 23. Qxh7# 1-0

[Event "Challenge"]
[Site "http://www.queenalice.com/game.php?id=1637408"]
[Date "2020.12.23"]
[Round "-"]
[White "cavaliernoir"]
[Black "NOVAG91"]
[Result "0-1"]
[WhiteElo "1567"]
[BlackElo "1612"]

1. e4 e5 2. Nf3 Nc6 3. Bc4 Nf6 4. d3 d5 5. exd5 Nd4 6. Nbd2 Bd6 7. Nxd4 exd4 8.
Nf3 Nh5 9. Nxd4 Nf4 10. Bxf4 Bxf4 11. Ne2 Qe7 12. O-O Bd6 13. Ng3 O-O 14. Re1
Qf6 15. b3 a6 16. a3 b5 17. Ne4 Qg6 18. Nxd6 Qxd6 19. a4 bxc4 20. dxc4 Qg6 21.
g3 Bg4 22. Qd2 Rfd8 23. Re7 c6 24. Ree1 Rd6 25. Re3 f6 26. Qb4 Rad8 27. Rc1 f5
28. Qb7 f4 29. gxf4 Bh3+ 30. Rg3 R6d7 31. Qxd7 Rxd7 32. Rxg6 hxg6 33. Rd1 c5 34.
c3 Rf7 35. Rd3 Bf5 36. Rd2 Bh3 37. b4 Re7 38. bxc5 Re1# 0-1

[Event "Challenge"]
[Site "http://www.queenalice.com/game.php?id=1638535"]
[Date "2021.1.2"]
[Round "-"]
[White "cavaliernoir"]
[Black "NOVAG91"]
[Result "1/2-1/2"]
[WhiteElo "1548"]
[BlackElo "1639"]

1. e4 e5 2. Nf3 Nc6 3. d3 Bb4+ 4. c3 Ba5 5. b4 Bb6 6. Be2 a6 7. Bg5 f6 8. Bh4
Nce7 9. O-O d6 10. Nbd2 Ng6 11. Nc4 Ba7 12. Qc1 Nf4 13. Re1 Qd7 14. Bd1 Qg4 15.
Bg3 Nxd3 16. Nfxe5 Nxc1 17. Nxg4 Nd3 18. Re3 Bxe3 19. Ngxe3 b5 20. Nd2 Ne7 21.
Bf3 O-O 22. e5 Rb8 23. exf6 Rxf6 24. Ne4 Rf8 25. Be2 Ne5 26. Bh4 Nf5 27. Nxf5
Bxf5 28. Ng3 Bg6 29. f3 Rbd8 30. Bxd8 Rxd8 31. f4 Nc6 32. f5 Bf7 33. Bf3 Ne5 34.
Be4 c6 35. a4 Bc4 36. a5 d5 37. Bc2 d4 38. cxd4 Rxd4 39. Be4 Bd5 40. Re1 Bxe4
41. Nxe4 Rxb4 42. Nc5 Ng4 43. Nxa6 Ra4 44. Nb8 Rxa5 45. Nxc6 Ra6 46. Nb8 Rf6 47.
h3 Nh6 48. Re5 b4 49. Nd7 Rxf5 50. Re2 b3 51. Nb6 Rb5 52. Nc4 Nf5 53. Rd2 Rb4
54. Nb2 Ne3 55. Rd8+ Kf7 56. Rd7+ Ke6 57. Rxg7 Rf4 58. g3 Rf1+ 59. Kh2 Rf2+ 60.
Kg1 Rxb2 61. Rxh7 Rg2+ 62. Kh1 Ke5 63. Rb7 Rb2 64. h4 Ng4 65. h5 Rh2+ 66. Kg1 b2
67. h6 Rxh6 68. Rxb2 Rf6 69. Kg2 Rh6 70. Kf3 Nh2+ 71. Kg2 Ng4 72. Rb5+ Kd6 73.
Rg5 Ne5 74. g4 Nf7 75. Rh5 Rg6 76. Kg3 Nh6 77. g5 Nf7 78. Kg4 Ke5 79. Kg3 Nxg5
80. Kg4 Kf6 81. Rh2 Ne6+ 82. Kf3 Kf5 83. Ke3 Rg4 84. Rf2+ Nf4 85. Kf3 Nd3 86.
Ke3+ Nxf2 87. Kxf2 Kf4 88. Ke2 Rg3 89. Kd2 Ke4 90. Ke2 Kf4 91. Kf2 Re3 92. Kg2
Rg3+ 93. Kf2 Ra3 94. Ke2 Ke4 95. Kf2 Kf4 96. Ke2 Ke4 97. Kf2 Kf4 1/2-1/2

[Event "Challenge"]
[Site "http://www.queenalice.com/game.php?id=1639094"]
[Date "2021.1.6"]
[Round "-"]
[White "cavaliernoir"]
[Black "NOVAG91"]
[Result "0-1"]
[WhiteElo "1547"]
[BlackElo "1626"]

1. d4 d5 2. Nc3 Nf6 3. e3 Bf5 4. Bd3 Qd7 5. Nge2 e6 6. Bxf5 exf5 7. O-O Bd6 8.
a4 Nc6 9. Nb5 Be7 10. c3 O-O 11. Nf4 Ne4 12. b4 a6 13. Na3 a5 14. b5 Nxc3 15.
Qd3 Nxd4 16. Qxd4 Bb4 17. Nc2 Ne4 18. Nxb4 axb4 19. Qxb4 b6 20. Qd4 Rfe8 21.
Nxd5 Nd6 22. Qc3 Ne4 23. Nxc7 Nxc3 24. Nxe8 Qxe8 25. Bd2 Ne4 26. Bb4 Ng5 27. Bd6
Ne4 28. Bc7 Nc5 29. Bxb6 Nxa4 30. Bd4 Qxb5 31. Rab1 Qc6 32. Be5 f6 33. Bf4 g5
34. Rbc1 Nc3 35. Kh1 gxf4 36. exf4 Ra3 37. Rfe1 Qd6 38. g3 Qd5+ 39. Kg1 Qf3 40.
Re3 Ne2+ 41. Kf1 Qh1+ 42. Kxe2 Rxe3+ 43. Kxe3 Qxc1+ 44. Kf3 Qc6+ 45. Ke2 Qh1 46.
h4 Kg7 47. f3 Qh2+ 0-1

[Event "Challenge"]
[Site "http://www.queenalice.com/game.php?id=1641575"]
[Date "2021.1.26"]
[Round "-"]
[White "cavaliernoir"]
[Black "NOVAG91"]
[Result "0-1"]
[WhiteElo "1547"]
[BlackElo "1632"]

1. e4 e5 2. Nf3 f6 3. d3 Nc6 4. Nbd2 d5 5. exd5 Qxd5 6. Nc4 Be6 7. Ne3 Qd7 8. c4
Nd4 9. Be2 Ne7 10. b3 Nec6 11. Nc2 Nxc2+ 12. Qxc2 Nb4 13. Qc3 c5 14. Be3 b6 15.
a3 Nc6 16. O-O Bd6 17. Nd2 O-O 18. Bf3 Rac8 19. Ne4 Be7 20. Rfd1 Qe8 21. Rab1
Qg6 22. b4 cxb4 23. axb4 f5 24. Nd2 f4 25. Be4 Qg5 26. Nf3 Qh5 27. Bc1 Rf6 28.
Rb2 Nd4 29. Kf1 Nxf3 30. Bxf3 Qxh2 31. Qxe5 Kf7 32. Qh5+ Qxh5 33. Bxh5+ g6 34.
Bf3 g5 35. Bh5+ Kg7 36. f3 Rh6 37. g4 Bf7 38. Bxf7 Kxf7 39. Kg2 Re6 40. b5 Rc5
41. Kf2 Rce5 42. d4 Re3 43. Rc2 Rb3 44. d5 Rh6 45. Kg2 Bd6 46. Rcd2 Re3 47. Rf1
Ke7 48. Rdf2 Rc3 49. Re2+ Kf7 50. Bd2 Rxc4 51. Re4 Rc2 52. Rf2 Rb2 53. Ra4 Bb8
54. Bb4 Rxf2+ 55. Kxf2 Rh2+ 56. Kg1 Re2 57. d6 Ke6 58. Kf1 Re5 59. Ra2 Rxb5 60.
Ba3 Bxd6 61. Bxd6 Kxd6 62. Rxa7 Rb1+ 63. Ke2 Rb2+ 64. Kf1 Rh2 65. Rg7 b5 66.
Rxg5 b4 67. Ke1 b3 68. Rb5 b2 69. Kd1 Rf2 70. Rb3 Kc5 71. Rb8 Kc4 72. Rc8+ Kb3
73. Rb8+ Kc3 74. g5 Rd2+ 75. Ke1 Rg2 76. Rc8+ Kb3 77. Rb8+ Kc2 78. Rc8+ Kb1 79.
Rb8 Rxg5 80. Kf2 h5 0-1

[Event "Challenge"]
[Site "http://www.queenalice.com/game.php?id=1641692"]
[Date "2021.1.27"]
[Round "-"]
[White "NOVAG91"]
[Black "cavaliernoir"]
[Result "1-0"]
[WhiteElo "1619"]
[BlackElo "1541"]

1. e4 e5 2. Nf3 Nf6 3. Nc3 d6 4. Bc4 c6 5. Ng5 h6 6. Nxf7 Qd7 7. Nxh8 g5 8. Bf7+
Ke7 9. Bb3 Bg7 10. Ng6+ Kd8 11. Qf3 b5 12. Qd3 Na6 13. a3 Nc5 14. Qe2 h5 15. d3
Nxb3 16. cxb3 Qf7 17. Nxe5 dxe5 18. Bxg5 Be6 19. b4 Qg6 20. h4 Kc7 21. f3 Nd7
22. a4 a6 23. a5 Bf8 24. Rc1 Bxb4 25. Qc2 Bxa5 26. Ke2 Ra7 27. Nd1 c5 28. g3 Bb6
29. Ne3 Kb7 30. Qc3 b4 31. Qd2 Qe8 32. Nc4 Bxc4 33. dxc4 Qc8 34. Rcd1 Kc7 35. f4
Qb7 36. Qxd7+ Kb8 37. Qe8+ Qc8 38. Qxe5+ Rc7 39. Rd8 a5 40. Rxc8+ Kxc8 41. Rd1
a4 42. Rd8+ Kb7 43. f5 Rf7 44. Qb8+ Kc6 45. Rd6# 1-0

[Event "Challenge"]
[Site "http://www.queenalice.com/game.php?id=1644078"]
[Date "2021.2.18"]
[Round "-"]
[White "cavaliernoir"]
[Black "NOVAG91"]
[Result "0-1"]
[WhiteElo "1458"]
[BlackElo "1654"]

1. e4 e5 2. d3 Nc6 3. Nf3 Bc5 4. Be2 Nf6 5. c3 Ng4 6. g3 Nxf2 7. Qd2 Nxh1 8. Bf1
Qf6 9. Qg2 Nf2 10. h3 d6 11. Bg5 Qe6 12. h4 Ng4 13. Bc1 O-O 14. Ng5 Qf6 15. Nf3
Nf2 16. Bg5 Qg6 17. b4 Bh3 18. Qh2 f6 19. Bc1 Bg4 20. Nfd2 Rad8 21. bxc5 Nxd3+
22. Bxd3 d5 23. exd5 Qxd3 24. dxc6 b6 25. Ba3 e4 26. cxb6 Rfe8 27. bxa7 e3 28.
Nf1 e2 29. Nfd2 Qc2 30. Qf2 Qd1# 0-1

[Event "Challenge"]
[Site "http://www.queenalice.com/game.php?id=1644079"]
[Date "2021.2.18"]
[Round "-"]
[White "NOVAG91"]
[Black "cavaliernoir"]
[Result "1-0"]
[WhiteElo "1645"]
[BlackElo "1467"]

1. e4 e5 2. Nf3 Nf6 3. Nc3 d6 4. Bc4 c6 5. d3 Nh5 6. Ng5 Qd7 7. Qxh5 g6 8. Qf3
Kd8 9. Nxf7+ Kc7 10. Nxh8 Bg7 11. Nf7 Qe7 12. Bg5 Qe8 13. O-O-O Bd7 14. d4 exd4
15. Ne2 c5 16. Nf4 Qc8 17. Bd8+ Qxd8 18. Nxd8 Kxd8 19. Ne6+ Bxe6 20. Bxe6 Nc6
21. Qf7 Bh6+ 22. Kb1 Ne5 23. Qxb7 1-0

[Event "Challenge"]
[Site "http://www.queenalice.com/game.php?id=1645957"]
[Date "2021.3.7"]
[Round "-"]
[White "cavaliernoir"]
[Black "NOVAG91"]
[Result "0-1"]
[WhiteElo "1475"]
[BlackElo "1662"]

1. e4 e5 2. f3 Nc6 3. c3 Bc5 4. Ne2 b6 5. Ng3 d6 6. Bb5 Bd7 7. d3 d5 8. exd5
Nce7 9. Bc4 b5 10. Bb3 Bd6 11. c4 bxc4 12. dxc4 Nf6 13. Nc3 O-O 14. O-O Nf5 15.
Nxf5 Bxf5 16. Nb5 Be7 17. Qe1 e4 18. Bf4 Bc5+ 19. Kh1 Nh5 20. Bxc7 Qg5 21. Bg3
e3 22. Bd1 Rfe8 23. Nc7 Nxg3+ 24. hxg3 Qh6+ 25. Kg1 e2+ 26. Rf2 exd1=Q 27. Qxd1
Rab8 28. b3 Qe3 29. Nxe8 Qxf2+ 30. Kh2 Rxe8 31. Qf1 Qe3 32. Qd1 Qh6# 0-1

[Event "Challenge"]
[Site "http://www.queenalice.com/game.php?id=1649815"]
[Date "2021.4.16"]
[Round "-"]
[White "cavaliernoir"]
[Black "NOVAG91"]
[Result "0-1"]
[WhiteElo "1523"]
[BlackElo "1671"]

1. e4 e5 2. Nf3 Nc6 3. d3 Nf6 4. c3 d5 5. Nbd2 d4 6. c4 Bc5 7. a3 O-O 8. Be2 Qd7
9. Nh4 Be7 10. Nf5 Bd8 11. O-O Ne7 12. Nxe7+ Bxe7 13. Nf3 Bd6 14. b4 b5 15. c5
Be7 16. Nxe5 Qe6 17. Nf3 Qd7 18. Ne5 Qe6 19. Nf3 Bb7 20. e5 Nd7 21. Bf4 f6 22.
exf6 Nxf6 23. Bxc7 Bd8 24. Nxd4 Qd5 25. Nxb5 Qxg2# 0-1

[Event "Challenge"]
[Site "http://www.queenalice.com/game.php?id=1775634"]
[Date "2021.11.25"]
[Round "-"]
[White "NOVAG91"]
[Black "Baby_Chess_91"]
[Result "0-1"]
[WhiteElo "1681"]
[BlackElo "1786"]

1. e4 e5 2. Nf3 Nc6 3. c3 Nf6 4. Qc2 Bc5 5. Bc4 d6 6. Ng5 O-O 7. Qb3 d5 8. exd5
Nxd5 9. Ne4 Na5 10. Qa4 Nxc4 11. Qxc4 Bb6 12. O-O c6 13. Qe2 Nf4 14. Qf3 Qh4 15.
Qg3 Ne2+ 16. Kh1 Nxg3+ 17. Nxg3 e4 18. Nf5 Bxf5 0-1